|
|
|
|
| LEADER |
007890000a22002410004500 |
| 020 |
|
|
|a 1-85396-370-4
|
| 082 |
|
|
|a 372.604 3 N8
|
| 100 |
|
|
|a Marsh, Jackie; Author
|
| 100 |
|
|
|a Merchant, Guy; Author
|
| 245 |
|
|
|a Co-ordinating primary language and literacy: the subject leader`s handbook
|
| 250 |
|
|
|
| 260 |
|
|
|a London, P C P
|
| 260 |
|
|
|c 1998
|
| 460 |
|
|
|a xi,244
|
| 465 |
|
|
|a D.16.99
|
| 500 |
|
|
|a Guy Merchant and Jackie Marsh
|
| 500 |
|
|
|a Includes bibliographical references and index
|
| 650 |
|
|
|a Education (Elementary)- Curricula
|
| 650 |
|
|
|a Language arts (Elementary)
|
| 650 |
|
|
|a Literacy
|
| 942 |
|
|
|c BK
|
| 999 |
|
|
|c 30635
|d 30635
|
| 952 |
|
|
|0 0
|1 0
|4 0
|6 372_604000000000000_3_N8
|7 0
|8 ENG
|9 30667
|a MGUL
|b MGUL
|d 2013-07-16
|e D.16.99
|l 0
|o 372.604 3 N8
|p 31249
|r 2013-07-16
|w 2013-07-16
|y BK
|